| 000 | 00452nam a2200145Ia 4500 | ||
|---|---|---|---|
| 008 | 221007s9999 xx 000 0 und d | ||
| 041 | _aeng | ||
| 082 | _bRUC | ||
| 100 |
_aRucha Shende - 2k171104 & Dr. Geeta Jadhav - Guide _9104988 |
||
| 245 | _aImpact Of Motivation On Employees Performance At Unison Techplast Llp | ||
| 260 |
_c2018 _bSavitribai Phule Pune University _aPune |
||
| 300 |
_a70p _cHard Bound |
||
| 440 | _v1 | ||
| 906 | _bReference Books | ||
| 999 |
_c78109 _d78109 |
||